Regulace konkurenčního prostředí na železnici : teorie v centru a praxe v regionech : seminář Telč 2011 - sborník příspěvků /

Korporativní autor: Masarykova univerzita. Ekonomicko-správní fakulta
Další autoři: Regulace konkurenčního prostředí na železnici - teorie v centru a praxe v regionech (seminář), Kvizda, Martin, 1969-, Tomeš, Zdeněk, 1973-
Jazyk: Slovenština
Čeština
Vydáno: Brno : Masarykova univerzita, 2011
Vydání: 1. vyd.
Témata:
Fyzický popis: 111 s. : il. ; 30 cm
Language note: Část. slovenský text
Knihy
Uloženo v:
LEADER 02412nam a2200577 a 4500
001 nkc20112267016
003 CZ PrNK
005 20120208113158.0
007 ta
008 111220s2011 xr a e 100 0 cze
015 |a cnb002267016 
020 |a 978-80-210-5629-9  |q (brož.) 
035 |a (OCoLC)776515044 
040 |a BOA001  |b cze  |d ABA001 
041 0 |a cze  |a slo 
043 |a e------ 
072 7 |a 656.2  |x Železniční doprava  |2 Konspekt  |9 4 
080 |a 656.2/.3  |2 MRF 
080 |a 656.2  |2 MRF 
080 |a 339.137.2  |2 MRF 
080 |a 33  |2 MRF 
080 |a (4)  |2 MRF 
080 |a (062.534)  |2 MRF 
111 2 |a Regulace konkurenčního prostředí na železnici - teorie v centru a praxe v regionech (seminář)  |d (2011 :  |c Telč, Česko)  |7 mzk2012677502 
245 1 0 |a Regulace konkurenčního prostředí na železnici :  |b teorie v centru a praxe v regionech : seminář Telč 2011 - sborník příspěvků /  |c editoři Martin Kvizda, Zdeněk Tomeš 
250 |a 1. vyd. 
260 |a Brno :  |b Masarykova univerzita,  |c 2011 
300 |a 111 s. :  |b il. ;  |c 30 cm 
500 |a Nad názvem: Masarykova univerzita, Ekonomicko-správní fakulta 
500 |a 60 výt. 
504 |a Obsahuje bibliografie 
546 |a Část. slovenský text 
650 0 7 |a železnice  |7 ph127917  |z země Evropské unie  |2 czenas 
650 0 7 |a železniční doprava  |7 ph127919  |z země Evropské unie  |2 czenas 
650 0 7 |a konkurenceschopnost  |7 ph121800  |2 czenas 
650 0 7 |a železniční doprava  |7 ph127919  |x ekonomické aspekty  |2 czenas 
650 0 9 |a railroads  |z European Union countries  |2 eczenas 
650 0 9 |a railroad transportation  |z European Union countries  |2 eczenas 
650 0 9 |a competitiveness  |2 eczenas 
650 0 9 |a railroad transportation  |x economic aspects  |2 eczenas 
655 7 |a sborníky konferencí  |7 fd133333  |2 czenas 
655 9 |a proceedings of conferences  |2 eczenas 
700 1 |a Kvizda, Martin,  |d 1969-  |7 ola2003201123  |4 edt 
700 1 |a Tomeš, Zdeněk,  |d 1973-  |7 mzk2004217472  |4 edt 
710 2 |a Masarykova univerzita.  |b Ekonomicko-správní fakulta  |7 kn20010709273 
910 2 |a BOA001  |b 4-1278.049 
990 |a BK 
995 |a 01 
991 |b 201201  |c NOV  |e n  |j 656 REG 
996 6 |b 2610496930  |c 4-1278.049  |l MZK  |r Sklad / do 1 hodiny  |n 1  |p p.v.  |w 001221079  |u 000010  |a 1  |e BOA001  |j MZK50  |s P 
996 7 |b 2610496931  |c 4-1278.049  |l MZK  |r Sklad / do 1 hodiny  |n 9  |p p.v.  |w 001221079  |u 000020  |a 1  |e BOA001  |j MZK50  |s A